000 00885nas a2200289 4500
001 BR0203881
003 BR-BrBNA
005 20231205103140.0
007 ta
008 230509b bl.|||p| |||| 00| 00por d
040 _aBR-BrBNA
_bpor
_cBiblioteca Nacional de Agricultura
041 _a(Pt)
072 _aP34
100 1 _aSilva Filho, G.N.
100 1 _aNarloch, C.
100 1 _aScharf, R.
245 1 _aSolubilização de fosfatos naturais por microrganismos isolados de cultivos de Pinus e Eucalyptus de Santa Catarina
650 _aPINHEIRO
650 _aEUCALIPTO
650 _aFÓSFORO
650 _aSOLUBILIZAÇÃO
650 _aMICRORGANISMO
650 _aINOCULAÇÃO
773 0 _tPesquisa Agropecuária Brasileira (Brazil)
_xISSN 0100-204X
_g(Jun 2002), v. 37(6) p. 847-854
_wBR0203881
909 _a202311
_bLúcia
_c55
_dLúcia Elande
942 _2AGRIS
_n0
_cANA
999 _c171345
_d171345